Stavební vývoj hospodářských staveb středověké vesnice na Moravě

Podrobná bibliografia
Hlavný autor: Nekuda, Rostislav, 1954- (Autor)
Médium: Článok
Jazyk:slovenčina
čeština
Fyzický popis:Fotogr., obr.
ISBN:9788089315086
ISSN:0560-2793
Predmet:

MARC

LEADER 00000nab a2200000 a 4500
001 vtls010113274
003 SK-MaSNL
005 20260305023239.0
008 250708|2008 xo |||||||||||||| ||slo
015 |a SNBRA2010/07  |2 snkbucl 
035 |a (uuid)504a5ae0-1d7f-441e-b82b-64a5fefcbf72 
035 |a urn:nbn:sk:snk-ab16g8 
035 |a (urnnbn)urn:nbn:sk:snk:ar-a058lc 
038 |a SNKBUCL 
040 |a SNKBUCL  |b slo  |c SNKBUCL  |e AACR2 
041 0 |a cze  |b eng 
044 |a xo  |c SK 
080 |a 904:728.9  |x (437.32)  |x "12"  |2 2001 
080 |a 728.9  |x (437.32)  |x "12"  |2 2001 
080 |a 902.2  |x (437.32)  |2 2001 
100 1 |a Nekuda, Rostislav,  |d 1954-  |4 aut  |9 93517 
245 1 0 |a Stavební vývoj hospodářských staveb středověké vesnice na Moravě  |c Rostislav Nekuda 
300 |b Fotogr., obr. 
504 |a Bibliogr. odkazy 
546 |a Res. angl. 
648 7 |a 13. stor.  |2 snkbucl  |9 306912 
650 0 7 |a hospodárske budovy  |2 snkbucl  |9 133415 
650 0 7 |a dediny  |2 snkbucl  |9 51460 
650 0 7 |a stredovek  |2 snkbucl  |9 4259 
650 0 7 |a archeologické nálezy  |2 snkbucl  |9 4975 
650 0 7 |a archeologické výskumy  |2 snkbucl  |9 74796 
651 7 |a Morava (Česko)  |2 snkbucl  |9 213805 
655 7 |a štúdie  |2 snkbucl  |9 57033 
773 0 |t Študijné zvesti Archeologického ústavu Slovenskej akadémie vied. 43  |d Nitra : Archeologický ústav SAV, 2008  |g S. 95-121  |x 0560-2793  |z 9788089315086 
850 |a Slovenská národná knižnica 
852 |a Slovenská národná knižnica 
958 |a article27 
958 |a NB 
958 |a CZ 
958 |a OND 
958 |a EUIPO 
999 |c 3295336  |d 3297266